000 01055nam a22002537a 4500
005 20180223142013.0
010 _a1617EN ENG-117006 B-663963
020 _a9789382281528
_c795.00
035 _aB-648098-106
035 _aEN-100538
035 _aB-663963
037 _aDPL
_bPancy
037 _bDBAD/PUB
082 _a921
100 _aPandey, Rakesh Kumar
245 _aMulk Raj Anand :
_c by Rakesh Kumar Pandey
_ba man of social & humanistic approach /
260 _aNew Delhi
_bRaj Publications
_c2016
270 _a108, 4855/24, Ansari Road,Daryaganj,
_bNew Delhi
_e110002
300 _a232p.
_b22cm.(Hb)
500 _aIncludes bibliographical references and index
942 _2ddc
_cEN
_mPAN
_h921
999 _c102296
_d102296